Guia jurídica del periodista (Registre núm. 1398)
[ vista simple ]
| 000 -CABECERA | |
|---|---|
| Longitud fija campo de control | 00460nam a2200169 a 4500 |
| 001 - NÚMERO DE CONTROL | |
| Número de control | 1398 |
| 003 - IDENTIFICADOR DEL NÚMERO DE CONTROL | |
| Identificador del número de control | CDMR |
| 005 - FECHA Y HORA DE LA ÚLTIMA TRANSACCIÓN | |
| Fecha y hora de la última transacción | 20151016124801.0 |
| 008 - CÓDIGOS DE INFORMACIÓN DE LONGITUD FIJA | |
| Códigos de información de longitud fija | 130130s1991||||||||||||||||||||||||||||d |
| 020 ## - NÚMERO INTERNACIONAL NORMALIZADO PARA LIBROS | |
| Número Internacional Normalizado para Libros (ISBN) | 8476981600 |
| 040 ## - FUENTE DE LA CATALOGACIÓN | |
| Centro catalogador de origen | CDMR |
| Lengua de catalogación | cat |
| Centro transcriptor | CPC LLEIDA |
| 245 00 - MENCIÓN DE TÍTULO | |
| Título | Guia jurídica del periodista |
| 260 ## - PUBLICACIÓN, DISTRIBUCIÓN, ETC. (PIE DE IMPRENTA) | |
| Lugar de publicación, distribución, etc. | Barcelona |
| Nombre del editor, distribuidor, etc. | JM Bosch |
| 260 ## - PUBLICACIÓN, DISTRIBUCIÓN, ETC. (PIE DE IMPRENTA) | |
| Fecha de publicación, distribución, etc. | 1991 |
| Nombre del editor, distribuidor, etc. | Col·legi de Periodistes de Catalunya |
| 710 2# - PUNTO DE ACCESO ADICIONAL - NOMBRE DE ENTIDAD | |
| 9 (RLIN) | 133 |
| Nombre de entidad o nombre de jurisdicción como elemento inicial | Col·legi de Periodistes de Catalunya |
| 942 ## - ENTRADA DE ELEMENTOS AGREGADOS (KOHA) | |
| Koha [por defecto] tipo de item | Monografies |
| Fuente de clasificaión o esquema | |
| Suprimido | Perdido | Estropeado | No para préstamo | Localización permanente | Localización actual | Fecha adquisición | Préstamos totales | Signatura completa | Código de barras | Fecha última consulta | Fecha del precio de reemplazo | Tipo de item de Koha | Renovaciones totales | Fecha último préstamo | Fuente de adquisición | Note pública |
|---|---|---|---|---|---|---|---|---|---|---|---|---|---|---|---|---|
| CPC Girona | CPC Girona | 2010-12-03 | Bb 151 | GIRONA13110009 | 2013-01-16 | 2013-01-16 | Monografies | |||||||||
| CPC Girona | CPC Girona | 2015-07-28 | Bb 730 | GIRONA15070174 | 2015-07-28 | 2015-07-28 | Monografies | |||||||||
| CPC Lleida | CPC Lleida | 2011-08-03 | 316CPC | LLEIDA13111112 | 2013-01-16 | 2013-01-16 | Monografies | |||||||||
| CPC Lleida | CPC Lleida | 2011-08-03 | 317CPC | LLEIDA13111113 | 2013-01-16 | 2013-01-16 | Monografies | |||||||||
| CPC Lleida | CPC Lleida | 2011-08-03 | 318CPC | LLEIDA13111114 | 2013-01-16 | 2013-01-16 | Monografies | |||||||||
| CPC Lleida | CPC Lleida | 2011-08-03 | 319CPC | LLEIDA13111115 | 2013-01-16 | 2013-01-16 | Monografies | |||||||||
| CPC Lleida | CPC Lleida | 2011-08-03 | 320CPC | LLEIDA13111116 | 2013-01-16 | 2013-01-16 | Monografies | |||||||||
| CPC Lleida | CPC Lleida | 2011-08-03 | 321CPC | LLEIDA13111117 | 2013-01-16 | 2013-01-16 | Monografies | |||||||||
| No per a préstec | CPC Terres de l'Ebre | CPC Terres de l'Ebre | 2015-05-21 | 342.7 GUI | 2015-05-27 | 2015-05-27 | Monografies | Donació | Donació a la biblioteca Marcel·lí Domingo | |||||||
| Centre de Documentació Montserrat Roig | Centre de Documentació Montserrat Roig | 2013-01-16 | 2 | Cg 1/29 | CDMR13110098 | 2019-09-26 | 2013-01-16 | Monografies | 2 | 2019-07-15 |